Brave New World
Novela de ciencia ficción, presenta un futuro utópico en el que la tecnología es la clave del desarrollo, ya que la sociedad se rige por castas de individuos genéticamente alterados. Un grupo de estudiantes visita el Centro de Incubación y condicionamiento de Londres, donde revelan ciertas partes de...
Na minha lista:
| Autor principal: | |
|---|---|
| Formato: | Livro |
| Idioma: | Undetermined |
| Publicado em: |
New York, Estados Unidos
Harper & Row
1969
|
| Assuntos: | |
| Tags: |
Adicionar Tag
Sem tags, seja o primeiro a adicionar uma tag!
|
MARC
| LEADER | 00000nam a2200000Ia 4500 | ||
|---|---|---|---|
| 008 | 170316s9999 xx 000 0 und d | ||
| 040 | |a cru BVZT | ||
| 090 | |a 820 H-17b | ||
| 100 | |a Huxley, Aldous |9 841 | ||
| 245 | |a Brave New World |c / Aldous Huxley | ||
| 260 | |a New York, Estados Unidos | ||
| 260 | |b Harper & Row | ||
| 260 | |c 1969 | ||
| 300 | |a 177 páginas | ||
| 520 | |a Novela de ciencia ficción, presenta un futuro utópico en el que la tecnología es la clave del desarrollo, ya que la sociedad se rige por castas de individuos genéticamente alterados. Un grupo de estudiantes visita el Centro de Incubación y condicionamiento de Londres, donde revelan ciertas partes de la historia antes del nuevo orden, que los llevan a conocer a John quien es considerado salvaje por su coeficiente, pero poco a poco se van enfrentando a otra realidad donde su mundo no es tan feliz como se les ha hecho creer. | ||
| 650 | |a LITERATURA INGLESA |9 12 | ||
| 999 | |c 6931 |d 6931 | ||
| 942 | |c 15 D |h 820 H-17b |2 z | ||
